Cricket: Non-English Centurions at Lord's post-1930 - Statistics

General Stats
  • This quiz has been taken 28 times
  • The average score is 33 of 97
Answer Stats
Country Year Score Answer % Correct
AUS 2015 215 Steve Smith
89%
SA 2008 107 Graeme Smith
85%
SA 2003 259 Graeme Smith
85%
SL 2014 147 Kumar Sangakkara
78%
NZ 2015 132 Kane Williamson
74%
IND 2011 103* Rahul Dravid
74%
SL 2006 119 Mahela Jayawardene
70%
SL 2002 107 Mahela Jayawardene
70%
AUS 2001 108 Mark Waugh
70%
AUS 2009 136 Michael Clarke
70%
AUS 1938 102* Sir Donald Bradman
70%
AUS 1930 254 Sir Donald Bradman
70%
WI 1980 145 Sir Viv Richards
70%
AUS 1989 152* Steve Waugh
70%
SA 2012 121 Hashim Amla
63%
SA 2008 104* Hashim Amla
63%
PAK 1996 148 Inzamam-ul-Haq
63%
AUS 1993 111 Mark Taylor
63%
PAK 1982 200 Mohsin Khan
63%
AUS 1985 196 Allan Border
59%
WI 2004 128* Shivnarine Chanderpaul
59%
WI 1966 163* Sir Garfield Sobers
59%
PAK 2016 114 Misbah-ul-Haq
56%
WI 1973 150* Sir Garfield Sobers
56%
IND 1996 131 Sourav Ganguly
56%
AUS 1993 164* David Boon
52%
NZ 1994 142 Martin Crowe
52%
NZ 1986 106 Martin Crowe
52%
AUS 1972 131 Greg Chappell
44%
NZ 2004 101 Mark Richardson
44%
WI 1988 103 Sir Gordon Greenidge
44%
WI 1984 214* Sir Gordon Greenidge
44%
SA 2003 108 Gary Kirsten
41%
AUS 1980 117 Kim Hughes
41%
IND 2021 129 KL Rahul
41%
WI 1980 184 Desmond Haynes
37%
AUS 1993 152 Michael Slater
37%
WI 1950 168* Sir Clyde Walcott
37%
BAN 2010 103 Tamim Iqbal
37%
AUS 1961 130 Bill Lawry
33%
NZ 2021 200 Devon Conway
33%
SA 1994 105 Kepler Wessels
33%
IND 1990 121 Mohammad Azharuddin
33%
WI 1973 157 Rohan Kanhai
33%
SL 2011 193 Tillakaratne Dilshan
33%
SL 2014 102 Angelo Mathews
30%
AUS 2015 173 Chris Rogers
30%
PAK 1967 187* Hanif Mohammad
30%
AUS 1953 109 Keith Miller
30%
WI 1976 138 Roy Fredericks
30%
SL 1984 102* Amal Silva
26%
SA 1998 117 Jonty Rhodes
26%
IND 1990 100 Ravi Shastri
26%
IND 2014 103 Ajinkya Rahane
22%
SA 2008 101 Ashwell Prince
22%
NZ 1973 175 Bev Congdon
22%
WI 1991 111 Carl Hooper
22%
IND 1986 126* Dilip Vengsarkar
22%
IND 1982 157 Dilip Vengsarkar
22%
IND 1979 103 Dilip Vengsarkar
22%
SL 1984 111 Duleep Mendis
22%
WI 1939 106 George Headley
22%
WI 1939 107 George Headley
22%
IND 1979 113 Gundappa Viswanath
22%
AUS 1980 112 Graeme Wood
19%
NZ 2008 101 Jacob Oram
19%
AUS 1997 112 Matthew Elliot
19%
PAK 2006 202 Mohammad Yousuf
19%
AUS 1948 105 Arthur Morris
15%
AUS 1938 206* Bill Brown
15%
AUS 1934 105 Bill Brown
15%
NZ 1978 123 Geoff Howarth
15%
SL 2002 185 Marvan Atapattu
15%
WI 1973 121 Bernard Julien
11%
SA 1935 164* Bruce Mitchell
11%
NZ 1973 105 Mark Burgess
11%
SA 2008 138 Neil McKenzie
11%
SL 1984 190 Sidath Wettimuny
11%
NZ 1990 101 Trevor Franklin
11%
IND 2002 109* Ajit Agarkar
7%
WI 1963 133 Basil Butcher
7%
AUS 1930 155 Bill Woodfull
7%
WI 1966 105* David Holford
7%
NZ 1949 206 Martin Donnelly
7%
NZ 1999 100 Matt Horne
7%
NZ 1931 120 Stewie Dempster
7%
NZ 1973 105* Vic Pollard
7%
SA 1947 117 Alan Melville
4%
WI 1950 106 Allan Rae
4%
WI 1969 103 Charlie Davis
4%
NZ 1931 104 Curly Page
4%
PAK 1962 101 Javed Burki
4%
AUS 1953 104 Lindsay Hassett
4%
PAK 1962 101 Nasim-ul-Ghani
4%
SA 1955 142 Roy McLean
4%
AUS 1948 141 Sid Barnes
4%
IND 1952 184 Vinoo Mankad
4%
No matching quizzes found
Score Distribution
Percent of People with Each Score
Percentile by Number Answered
Your Score History
You have not taken this quiz